LEADER 01323nam0M2200385--I450- 001 990000614070203316 005 20010329000000.0 010 $a88-495-0006-8 035 $a0061407 035 $aUSA010061407 035 $a(ALEPH)000061407USA01 035 $a0061407 100 $aMay-10,-d2000----km-y1itay0103----ba 101 $aita 102 $aIT 200 1 $a<> rumore provocato dal traffico aereo$eil caso dell'aereoporto di Capodichino$fAndrea Tocchetti, Sergio Fiengo, Vittorio De Riso di Carpinone 210 $aNapoli [etc.]$cEdizioni scientifiche italiane$d[2000] 215 $a91 p., [2] c. di tav.$cill.$d24 cm. 225 0 $aInfrastrutture senza frontiere 410 1$12001$aInfrastrutture senza frontiere 606 $aInquinamento acustico$yNapoli$yAeroporto di Capodichino 676 $a363.741 700 1$aTOCCHETTI,$bAndrea$02007 701 1$aFIENGO,$bSergio$0413924 701 1$aDE RISO DI CARPIONONE,$bVittorio$0547393 801 0$aIT$bICCU$c20010508 912 $a990000614070203316 951 $a363.741 TOC$b9514/EC$c363$d00074947 959 $aBK 969 $aTEC 979 $aJOHNNY$b90$c20010910$lUSA01$h1007 979 $c20020403$lUSA01$h1711 979 $aPATRY$b90$c20040406$lUSA01$h1642 996 $aRumore provocato dal traffico aereo$9957768 997 $aUNISA LEADER 01445nam a2200361 i 4500 001 991000871779707536 005 20020507102600.0 008 940322s1984 de ||| | eng 035 $ab10141431-39ule_inst 035 $aLE00638328$9ExL 040 $aDip.to Fisica$bita 082 00$a523.8$219 084 $a52.9.53 084 $a52.9.55 084 $aLC QB799 111 2 $aCambridge Workshop on Cool Stars, Stellar Systems, and the Sun$n<3rd :$d1983>$0461505 245 10$aCool stars, stellar systems and the sun :$bproceedings of the Third Cambridge Workshop on Cool Stars, Stellar Systems, and the Sun, held in Cambridge, Massachusetts, October 5-7, 1983 /$cedited by S.L. Balliunas and L. Hartmann 260 $aBerlin :$bSpringer,$c1984 300 $avii, 364 p. ;$c25 cm 490 0 $aLecture notes in physics / edited by J. Ehlers...[et al.] ;$v193 504 $aIncludes bibliographies 650 0$aStars$xCongresses 650 0$aCool stars$xCongresses 651 0$aSun$xCongresses 700 1 $aBaliunas, Sallie L. 700 1 $aHartmann, Lee 700 1 $aHartmann, L. 907 $a.b10141431$b17-02-17$c27-06-02 912 $a991000871779707536 945 $aLE006 52.9.53+52.9.55 BAL$g1$i2006000028226$lle006$o-$pE0.00$q-$rl$s- $t0$u0$v0$w0$x0$y.i10167833$z27-06-02 996 $aCool stars, stellar systems and the sun$9187018 997 $aUNISALENTO 998 $ale006$b01-01-94$cm$da $e-$feng$gde $h0$i1